Obscure Weapons - Statistics

General Stats
  • This quiz has been taken 9 times
  • The average score is 3 of 12
Answer Stats
Hint Weapon % Correct
This term is occasionally applied to any sort of incendiary weapon though it was used mainly by the Byzantine Empire. Greek Fire
63%
This circular bladed projectile was mainly used in the Indian subcontinent. Chakram
38%
Used as a backup weapon by Samurai, this small Japanese blade resembles a katana. Wakizashi
38%
This weapon is defined as a thick club or stick, used to attack or defend against an attacker. Cudgel
25%
This blunted katana is often used for sparring. Iaito
25%
Popularized by the Counterstrike game series, this curved knife is rather well known to anyone who's played just about any video game. Karambit
25%
This weapon is mainly known for it's use in a popular fighting game. If someone is using this weapon, you'll be over there in a second. Kunai Rope Dart
25%
This weapon was used especially often with the Saxons during the Middle Ages. They can be anything from a small dagger to a average-sized sword. Seax
25%
This small metal weapon was used mainly to stop or slow calvary, but if you know of this weapon, it's most likely from a tower defense game. Caltrop
13%
This odd WW1 weapon resembles something closer to the wrist blade from the Assassin's Creed Franchise, although instead of flicking the wrist, you strike with your fist. Gauntlet Dagger
13%
This Minoan axe is often used in the legends because the Minotaur wielded it. Labrys
13%
These curved swords appear frequently in Mesopotamian art as symbols of authority Sickle Sword
13%
No matching quizzes found
Score Distribution
Percent of People with Each Score
Percentile by Number Answered
Your Score History
You have not taken this quiz